LDR 01194naa#a2200229#i#450# 001 RU\\bibl\126654 005 20260701105207.3 011 ## _a2074-9414 100 ## _a20260630b2026####ek#y0rusy0150####ca 101 0# _aRUS 102 ## _aRU 200 1# _aВлияние растительных полуфабрикатов и добавок на качество напитков _eЖурнальная статья 210 1# _aКемерово _cКемеровский государственный университет _d2026 215 ## _a20 с. 608 ## _aЖурнальная статья _2local 675 ## _aХимическая технология. Химическая промышленность. Пищевая промышленность. Металлургия. Родственные отрасли. 66 _zRUS 700 #1 _aГолуб _gОльга Валентиновна 700 #1 _aЗахаренко _gАлександр Михайлович 700 #1 _aМотовилова _gНаталья Владимировна 700 #1 _aМотовилов _gОлег Константинович 700 #1 _aГолохваст _gКирилл Сергеевич 856 4# _ajcenter.kemsu.ru _u